Todos los destinos de FlyBondi - Estadísticas

Estadísticas generales
  • Esta prueba ha sido intentada 9 veces
  • La puntuación promedio es 17 de 24
Estadísticas de respuestas
Países Destinos % Correcto
Paraguay Asuncion
100%
Argentina Córdoba
100%
Brasil Río de Janeiro
100%
Argentina Salta
100%
Argentina Tucumán
100%
Argentina Bariloche
88%
Argentina Corrientes
88%
Argentina Jujuy
88%
Argentina Mar del Plata
88%
Argentina Mendoza
88%
Argentina Neuquén
88%
Argentina Puerto Iguazú
88%
Argentina Ushuaia
88%
Uruguay Punta del Este
75%
Brasil Florianopolis
63%
Argentina Puerto Madryn
63%
Argentina Santiago del Estero
63%
Argentina Comodoro Rivadavia
50%
Argentina El Calafate
50%
Argentina Posadas
50%
Argentina Buenos Aires (AEP)
25%
Argentina Buenos Aires (EZE)
25%
Argentina Trelew
25%
Brasil Sao Paolo
13%
No se encontraron pruebas coincidentes
Distribución de puntuación
Porcentaje de gente con cada puntuación
Porcentaje por número respondido
Historial de tus puntuaciones
No has intentado esta prueba.